Yihyojo ganun gutdul 1 = Korean documentary (Record no. 1313242)

MARC details
000 -LEADER
fixed length control field 00441nam a2200169Ia 4500
005 - DATE AND TIME OF LATEST TRANSACTION
control field 20250507125810.0
008 - FIXED-LENGTH DATA ELEMENTS--GENERAL INFORMATION
fixed length control field 008 250505s9999 xx 000 0 kor d
037 ## - SOURCE OF ACQUISITION
Stock number Audio
040 ## - CATALOGING SOURCE
Original cataloging agency EASL
Language of cataloging eng
Transcribing agency EASL
041 ## - LANGUAGE CODE
Language code of text/sound track or separate title kor
Source of code eng
084 ## - COLON CLASSIFICATION NUMBER
Classification number CD00255-259
Assigning agency EASL
245 #0 - TITLE STATEMENT
Title Yihyojo ganun gutdul 1 = Korean documentary
490 ## - SERIES STATEMENT
Volume/sequential designation V. 5
650 ## - SUBJECT ADDED ENTRY--TOPICAL TERM
Topical term or geographic name entry element Korean
942 ## - ADDED ENTRY ELEMENTS (KOHA)
Koha item type Audio Visual Collection
Classification part CD00255-259

No items available.

Copyright @ Delhi University Library System